|
|
|
|
| LEADER |
00000nam a2200000 i 4500 |
| 001 |
DIGUPAMP0080 |
| 003 |
NyNyDIG |
| 007 |
cr ||||||||||| |
| 008 |
250908s2024 ck a o 000 0 spa d |
| 006 |
m o d |
| 035 |
|
|
|a (OCoLC)1536545823
|
| 040 |
|
|
|a DGITA
|b eng
|e rda
|e pn
|c DGITA
|
| 020 |
|
|
|a 9786287656437
|q (digital)
|
| 020 |
|
|
|z 9786287656420
|q (físico)
|
| 024 |
7 |
|
|a 10.24054/seu.95
|2 doi
|
| 043 |
|
|
|a s-ck---
|
| 050 |
1 |
4 |
|a HF5415.1255 ebook
|
| 100 |
1 |
|
|a Albornoz Arias, Neida,
|e author.
|
| 245 |
1 |
0 |
|a Solo por mí :
|b propuesta de valor identidad visual /
|c Neida Albornoz-Arias, investigadora principal ; Camila Rojas-Sanguino, joven investigadora.
|
| 264 |
|
1 |
|a [Pamplona, Colombia] :
|b Sello Editorial Unipamplona,
|c [2024]
|
| 300 |
|
|
|a 1 online resource :
|b color illustrations.
|
| 336 |
|
|
|a text
|b txt
|2 rdacontent
|
| 337 |
|
|
|a computer
|b c
|2 rdamedia
|
| 338 |
|
|
|a online resource
|b cr
|2 rdacarrier
|
| 347 |
|
|
|a text file
|2 rdaft
|
| 347 |
|
|
|b PDF
|
| 588 |
0 |
|
|a Online resource; title from PDF title page (Digitalia, viewed September 8, 2025)
|
| 650 |
|
0 |
|a Branding (Marketing)
|z Colombia.
|
| 650 |
|
0 |
|a Cocoa trade
|x Marketing.
|
| 650 |
|
0 |
|a Women-owned business enterprises
|x Marketing.
|
| 700 |
1 |
|
|a Rojas Sanguino, Camila,
|e author.
|
| 791 |
2 |
|
|a Digitalia (Firm),
|e distributor.
|
| 793 |
0 |
|
|g Digitalia eBook Collection:
|a Universidad de Pamplona
|
| 776 |
0 |
8 |
|i Print version:
|a Albornoz Arias, Neida.
|t Solo por mí.
|d [Pamplona, Colombia] : Universidad de Pamplona, [2024]
|z 9786287656420
|
| 856 |
4 |
0 |
|3 Digitalia Hispánica
|u https://www.digitaliapublishing.com/a/175728/
|
| 910 |
|
|
|a Premium collection: 2025
|